[Event "94th FRA-ch Open A 2019"]
[Site "Chartres"]
[Date "2019.08.21"]
[Round "5.2"]
[White "Rivalin, Kenny"]
[Black "Bordais, Benjamin"]
[Result "1-0"]
[WhiteElo "2184"]
[BlackElo "2137"]
[Annotator "NA"]
[PlyCount "96"]
[EventDate "2019.08.17"]
[EventType "swiss"]
[EventCountry "FRA"]
[SourceTitle "playchess.com"]
[Source "ChessBase"]
[SourceQuality "1"]
[TimeControl "40/5400+30:1800+30"]

1. e4 {[%emt 0:00:00]} c6 {[%emt 0:00:00]} 2. d4 {[%emt 0:00:00]} d5 {[%emt 0:00:00]} 3. exd5 {[%emt 0:00:07]} cxd5 {[%emt 0:00:00]} 4. c4 {[%emt 0:00:12]} Nc6 {[%emt 0:00:07]} 5. Nc3 {[%emt 0:11:47]} Nf6 {[%emt 0:01:24]} 6. Nf3 {[%emt 0:00:54]} Be6 {[%emt 0:02:24]} 7. c5 {[%emt 0:09:03]} g6 {[%emt 0:03:53]} 8. b4 {[%emt 0:12:24]} Bg7 {[%emt 0:27:48]} 9. Bb5 {[%emt 0:11:34]} O-O {[%emt 0:02:06]} 10. Bxc6 {[%emt 0:01:29]} bxc6 {[%emt 0:00:05]} 11. Ne5 {[%emt 0:09:26]} Bd7 {[%emt 0:01:36]} 12. O-O {[%emt 0:00:35]} Ne8 {[%emt 0:02:47]} 13. Re1 {[%emt 0:03:38]} f6 {[%emt 0:03:23]} 14. Nd3 {[%emt 0:01:44]} Bf5 {[%emt 0:01:06]} 15. Bf4 {[%emt 0:03:09]} g5 {[%emt 0:07:09]} 16. Bg3 {[%emt 0:00:19]} Nc7 {[%emt 0:00:44]} 17. Bxc7 {[%emt 0:11:17]} Qxc7 {[%emt 0:01:09]} 18. b5 {[%emt 0:00:34]} e6 {[%emt 0:14:33]} 19. a4 {[%emt 0:08:42]} Qa5 {[%emt 0:03:51]} 20. Rc1 {[%emt 0:01:11]} Rfe8 {[%emt 0:00:59]} 21. bxc6 {[%emt 0:02:03]} a6 {[%emt 0:00:17]} 22. Qf3 {[%emt 0:00:30]} Bg6 {[%emt 0:02:08]} 23. Qh3 {[%emt 0:01:46]} g4 {[%emt 0:08:17]} 24. Qg3 {[%emt 0:03:05]} Rac8 {[%emt 0:00:28]} 25. Nf4 {[%emt 0:00:18]} Bf5 {[%emt 0:00:05]} 26. Nh5 {[%emt 0:01:05]} Kf7 {[%emt 0:04:07]} 27. Nxg7 {[%emt 0:02:01]} Kxg7 {[%emt 0:00:05]} 28. Qf4 {[%emt 0:00:27]} Qc7 {[%emt 0:04:21]} 29. Nxd5 {[%emt 0:00:42]} Qxf4 {[%emt 0:00:49]} 30. Nxf4 {[%emt 0:00:01]} Kf7 {[%emt 0:00:25]} 31. d5 {[%emt 0:00:51]} exd5 {[%emt 0:00:36]} 32. Rxe8 {[%emt 0:00:10]} Kxe8 {[%emt 0:00:11]} 33. Nxd5 {[%emt 0:00:11]} Rxc6 {[%emt 0:03:30]} 34. f3 {[%emt 0:03:58]} gxf3 {[%emt 0:01:27]} 35. gxf3 {[%emt 0:00:02]} Kf7 {[%emt 0:00:39]} 36. Kf2 {[%emt 0:00:26]} Ke6 {[%emt 0:01:41]} 37. Ne3 {[%emt 0:01:24]} Bd3 {[%emt 0:00:35]} 38. Rc3 {[%emt 0:00:07]} Bg6 {[%emt 0:00:24]} 39. Rc4 {[%emt 0:00:21]} Rc8 {[%emt 0:01:00]} 40. Kg3 {[%emt 0:00:52]} a5 {[%emt 0:02:00]} 41. Kf4 {[%emt 0:06:42]} Be8 {[%emt 0:01:19]} 42. Re4+ {[%emt 0:05:38]} Kd7 {[%emt 0:02:36]} 43. Nd5 {[%emt 0:02:20]} Rc6 {[%emt 0:01:21]} 44. Nb6+ {[%emt 0:04:49]} Kd8 {[%emt 0:00:12]} 45. Rd4+ {[%emt 0:00:59]} Kc7 {[%emt 0:03:05]} 46. Rd5 {[%emt 0:01:05]} Re6 {[%emt 0:02:06]} 47. h4 {[%emt 0:04:09]} Re1 {[%emt 0:01:53]} 48. Rd6 {[%emt 0:01:36]} Re5 {[%emt 0:23:19]} 1-0

[Event "94th FRA-ch Open A 2019"]
[Site "Chartres"]
[Date "2019.08.21"]
[Round "5.3"]
[White "Burille, Matthieu"]
[Black "Amoyal, Pierre"]
[Result "0-1"]
[WhiteElo "2174"]
[BlackElo "2093"]
[Annotator "NA"]
[PlyCount "72"]
[EventDate "2019.08.17"]
[EventType "swiss"]
[EventCountry "FRA"]
[SourceTitle "playchess.com"]
[Source "ChessBase"]
[SourceQuality "1"]
[TimeControl "40/5400+30:1800+30"]

1. e4 {[%emt 0:00:00]} c5 {[%emt 0:00:08]} 2. Nf3 {[%emt 0:00:00]} g6 {[%emt 0:00:49]} 3. d4 {[%emt 0:00:00]} cxd4 {[%emt 0:00:27]} 4. Nxd4 {[%emt 0:00:00]} Bg7 {[%emt 0:00:23]} 5. Nc3 {[%emt 0:00:05]} Nc6 {[%emt 0:00:16]} 6. Be3 {[%emt 0:00:04]} Nf6 {[%emt 0:00:07]} 7. Bc4 {[%emt 0:00:04]} O-O {[%emt 0:00:09]} 8. Bb3 {[%emt 0:00:02]} d6 {[%emt 0:04:21]} 9. f3 {[%emt 0:00:29]} Bd7 {[%emt 0:00:36]} 10. Qd2 {[%emt 0:00:05]} Nxd4 {[%emt 0:01:34]} 11. Bxd4 {[%emt 0:00:05]} b5 {[%emt 0:00:10]} 12. Nd5 {[%emt 0:00:28]} Nxd5 {[%emt 0:02:40]} 13. exd5 {[%emt 0:00:18]} a5 {[%emt 0:04:26]} 14. Bxg7 {[%emt 0:17:16]} Kxg7 {[%emt 0:00:08]} 15. Qd4+ {[%emt 0:00:02]} Kg8 {[%emt 0:02:46]} 16. a4 {[%emt 0:06:36]} Qc7 {[%emt 0:08:45]} 17. axb5 {[%emt 0:08:14]} Bxb5 {[%emt 0:01:00]} 18. c4 {[%emt 0:02:40]} Bd7 {[%emt 0:04:27]} 19. Kf2 {[%emt 0:10:44]} Rfb8 {[%emt 0:06:27]} 20. Bd1 {[%emt 0:14:33]} Qa7 {[%emt 0:01:12]} 21. Qxa7 {[%emt 0:04:13]} Rxb2+ {[%emt 0:00:07]} 22. Be2 {[%emt 0:00:02]} Rxa7 {[%emt 0:00:08]} 23. Rhb1 {[%emt 0:00:07]} Rxb1 {[%emt 0:00:27]} 24. Rxb1 {[%emt 0:00:03]} a4 {[%emt 0:06:55]} 25. Ke3 {[%emt 0:11:03]} a3 {[%emt 0:00:13]} 26. Ra1 {[%emt 0:06:30]} a2 {[%emt 0:05:24]} 27. c5 {[%emt 0:07:01]} dxc5 {[%emt 0:00:18]} 28. Bc4 {[%emt 0:01:26]} Ra4 {[%emt 0:00:19]} 29. Bxa2 {[%emt 0:01:20]} Ra3+ {[%emt 0:03:59]} 30. Kd2 {[%emt 0:00:45]} c4 {[%emt 0:00:25]} 31. Kc2 {[%emt 0:03:45]} c3 {[%emt 0:00:27]} 32. d6 {[%emt 0:00:02]} e6 {[%emt 0:00:23]} 33. Kd3 {[%emt 0:02:59]} Ba4 {[%emt 0:05:10]} 34. f4 {[%emt 0:04:45]} Kf8 {[%emt 0:02:14]} 35. g3 {[%emt 0:00:04]} Bb3 {[%emt 0:02:02]} 36. Rb1 {[%emt 0:01:24]} c2 {[%emt 0:00:53]} 0-1

[Event "94th FRA-ch Open A 2019"]
[Site "Chartres"]
[Date "2019.08.21"]
[Round "5.4"]
[White "Weibel, Theo"]
[Black "Da Silva, Quentin"]
[Result "1/2-1/2"]
[WhiteElo "2081"]
[BlackElo "2161"]
[Annotator "NA"]
[PlyCount "72"]
[EventDate "2019.08.17"]
[EventType "swiss"]
[EventCountry "FRA"]
[SourceTitle "playchess.com"]
[Source "ChessBase"]
[SourceQuality "1"]
[TimeControl "40/5400+30:1800+30"]

1. e4 {[%emt 0:00:00]} c5 {[%emt 0:00:00]} 2. Nf3 {[%emt 0:00:00]} d6 {[%emt 0:00:00]} 3. d4 {[%emt 0:00:08]} cxd4 {[%emt 0:00:00]} 4. Nxd4 {[%emt 0:00:19]} Nf6 {[%emt 0:00:05]} 5. Nc3 {[%emt 0:00:10]} g6 {[%emt 0:00:26]} 6. Be3 {[%emt 0:00:41]} Bg7 {[%emt 0:00:08]} 7. f3 {[%emt 0:00:19]} O-O {[%emt 0:00:53]} 8. Qd2 {[%emt 0:00:20]} Nc6 {[%emt 0:00:11]} 9. g4 {[%emt 0:01:10]} Nxd4 {[%emt 0:03:08]} 10. Bxd4 {[%emt 0:00:18]} Be6 {[%emt 0:00:45]} 11. Nd5 {[%emt 0:01:19]} Bxd5 {[%emt 0:01:41]} 12. exd5 {[%emt 0:00:12]} Qc7 {[%emt 0:18:43]} 13. h4 {[%emt 0:01:47]} Rac8 {[%emt 0:05:18]} 14. Rh2 {[%emt 0:00:15]} e6 {[%emt 0:05:28]} 15. dxe6 {[%emt 0:04:09]} fxe6 {[%emt 0:00:15]} 16. O-O-O {[%emt 0:03:24]} Nd5 {[%emt 0:06:28]} 17. h5 {[%emt 0:08:28]} Bxd4 {[%emt 0:12:53]} 18. Qxd4 {[%emt 0:00:34]} g5 {[%emt 0:12:02]} 19. Bd3 {[%emt 0:09:45]} Qc5 {[%emt 0:11:49]} 20. Bf5 {[%emt 0:06:05]} exf5 {[%emt 0:04:58]} 21. Qxd5+ {[%emt 0:00:14]} Qxd5 {[%emt 0:00:41]} 22. Rxd5 {[%emt 0:00:08]} Rf6 {[%emt 0:02:46]} 23. Rhd2 {[%emt 0:01:16]} Rc6 {[%emt 0:00:59]} 24. R2d4 {[%emt 0:09:41]} Kf7 {[%emt 0:01:41]} 25. f4 {[%emt 0:03:15]} fxg4 {[%emt 0:02:12]} 26. Rxg5 {[%emt 0:02:34]} Rc5 {[%emt 0:01:19]} 27. b4 {[%emt 0:18:35]} Rxg5 {[%emt 0:00:18]} 28. fxg5 {[%emt 0:00:05]} Rf1+ {[%emt 0:01:00]} 29. Kd2 {[%emt 0:02:34]} g3 {[%emt 0:02:52]} 30. Rg4 {[%emt 0:00:41]} Rg1 {[%emt 0:02:45]} 31. a4 {[%emt 0:07:01]} g2 {[%emt 0:00:57]} 32. Kc3 {[%emt 0:01:15]} d5 {[%emt 0:00:15]} 33. a5 {[%emt 0:02:17]} a6 {[%emt 0:00:41]} 34. g6+ {[%emt 0:02:37]} Kg8 {[%emt 0:01:37]} 35. Rg3 {[%emt 0:08:51]} h6 {[%emt 0:00:21]} 36. Rg4 {[%emt 0:02:40]} Kg7 {[%emt 0:02:25]} 1/2-1/2

[Event "94th FRA-ch Open A 2019"]
[Site "Chartres"]
[Date "2019.08.21"]
[Round "5.5"]
[White "Mahieu, Luc"]
[Black "Vedovotto, Nicolas"]
[Result "1/2-1/2"]
[WhiteElo "2084"]
[BlackElo "2199"]
[Annotator "NA"]
[PlyCount "87"]
[EventDate "2019.08.17"]
[EventType "swiss"]
[EventCountry "FRA"]
[SourceTitle "playchess.com"]
[Source "ChessBase"]
[SourceQuality "1"]
[TimeControl "40/5400+30:1800+30"]

1. e4 {[%emt 0:00:00]} Nc6 {[%emt 0:00:00]} 2. Nf3 {[%emt 0:00:00]} d5 {[%emt 0:00:33]} 3. exd5 {[%emt 0:00:05]} Qxd5 {[%emt 0:00:05]} 4. Nc3 {[%emt 0:00:12]} Qa5 {[%emt 0:00:07]} 5. Bb5 {[%emt 0:00:06]} Bd7 {[%emt 0:00:05]} 6. O-O {[%emt 0:00:12]} a6 {[%emt 0:00:05]} 7. Bxc6 {[%emt 0:00:17]} Bxc6 {[%emt 0:00:08]} 8. d4 {[%emt 0:00:08]} e6 {[%emt 0:00:06]} 9. Ne5 {[%emt 0:00:39]} Bd6 {[%emt 0:00:07]} 10. Nxc6 {[%emt 0:01:02]} bxc6 {[%emt 0:00:04]} 11. Qf3 {[%emt 0:05:39]} Ne7 {[%emt 0:00:14]} 12. Ne4 {[%emt 0:07:50]} Qf5 {[%emt 0:04:59]} 13. Qe2 {[%emt 0:07:09]} Ng6 {[%emt 0:17:51]} 14. Ng3 {[%emt 0:05:36]} Qb5 {[%emt 0:07:30]} 15. c4 {[%emt 0:03:03]} Qb7 {[%emt 0:00:21]} 16. b3 {[%emt 0:09:32]} O-O {[%emt 0:00:23]} 17. Be3 {[%emt 0:05:08]} Rfe8 {[%emt 0:03:56]} 18. Qf3 {[%emt 0:06:16]} a5 {[%emt 0:02:14]} 19. Ne4 {[%emt 0:12:49]} Be7 {[%emt 0:02:32]} 20. Rab1 {[%emt 0:05:11]} Rad8 {[%emt 0:06:37]} 21. Rfd1 {[%emt 0:04:32]} Qa8 {[%emt 0:52:33]} 22. Qe2 {[%emt 0:06:44]} f5 {[%emt 0:00:00]} 23. Nc3 {[%emt 0:01:18]} Bf6 {[%emt 0:00:00]} 24. Qf3 {[%emt 0:05:57]} c5 {[%emt 0:00:00]} 25. Qxa8 {[%emt 0:00:11]} Rxa8 {[%emt 0:00:00]} 26. Nb5 {[%emt 0:01:09]} cxd4 {[%emt 0:00:00]} 27. Bxd4 {[%emt 0:00:53]} e5 {[%emt 0:00:00]} 28. Bc3 {[%emt 0:00:31]} Re7 {[%emt 0:00:00]} 29. Kf1 {[%emt 0:02:37]} Kf7 {[%emt 0:00:00]} 30. Na3 {[%emt 0:00:58]} Ke6 {[%emt 0:00:00]} 31. Rd5 {[%emt 0:01:22]} a4 {[%emt 0:00:00]} 32. b4 {[%emt 0:00:10]} c6 {[%emt 0:00:00]} 33. Rc5 {[%emt 0:01:29]} Rc7 {[%emt 0:00:00]} 34. Nc2 {[%emt 0:01:57]} Be7 {[%emt 0:00:27]} 35. Ra5 {[%emt 0:00:05]} Rca7 {[%emt 0:00:37]} 36. Rxa7 {[%emt 0:00:30]} Rxa7 {[%emt 0:00:02]} 37. Rd1 {[%emt 0:01:27]} Bd6 {[%emt 0:01:09]} 38. c5 {[%emt 0:01:28]} Bc7 {[%emt 0:01:09]} 39. Ne3 {[%emt 0:00:12]} Ne7 {[%emt 0:02:07]} 40. Nc4 {[%emt 0:00:41]} Nd5 {[%emt 0:03:59]} 41. Bxe5 {[%emt 0:35:25]} Bxe5 {[%emt 0:30:30]} 42. Re1 Nxb4 {[%emt 0:00:30]} 43. Rxe5+ {[%emt 0:01:00]} Kf6 44. Re2 1/2-1/2

[Event "94th FRA-ch Open A 2019"]
[Site "Chartres"]
[Date "2019.08.21"]
[Round "5.6"]
[White "Rode, Antony"]
[Black "Aumont, Alexandre"]
[Result "0-1"]
[WhiteElo "2076"]
[BlackElo "2190"]
[Annotator "NA"]
[PlyCount "86"]
[EventDate "2019.08.17"]
[EventType "swiss"]
[EventCountry "FRA"]
[SourceTitle "playchess.com"]
[Source "ChessBase"]
[SourceQuality "1"]
[TimeControl "40/5400+30:1800+30"]

1. e4 {[%emt 0:00:00]} c5 {[%emt 0:00:00]} 2. Nf3 {[%emt 0:00:00]} d6 {[%emt 0:00:00]} 3. Bb5+ {[%emt 0:00:00]} Nd7 {[%emt 0:00:00]} 4. O-O {[%emt 0:00:29]} a6 {[%emt 0:00:29]} 5. Bd3 {[%emt 0:00:00]} Ngf6 {[%emt 0:01:52]} 6. c3 {[%emt 0:00:13]} b5 {[%emt 0:00:52]} 7. Bc2 {[%emt 0:00:35]} Bb7 {[%emt 0:00:47]} 8. Qe2 {[%emt 0:01:02]} e6 {[%emt 0:01:05]} 9. d4 {[%emt 0:01:04]} Be7 {[%emt 0:00:36]} 10. Re1 {[%emt 0:01:05]} O-O {[%emt 0:02:15]} 11. Bd3 {[%emt 0:18:21]} Qc7 {[%emt 0:06:14]} 12. Bd2 {[%emt 0:11:59]} Rfe8 {[%emt 0:00:46]} 13. b4 {[%emt 0:14:37]} c4 {[%emt 0:23:34]} 14. Bc2 {[%emt 0:00:10]} a5 {[%emt 0:00:23]} 15. a4 {[%emt 0:01:22]} axb4 {[%emt 0:01:29]} 16. cxb4 {[%emt 0:00:13]} bxa4 {[%emt 0:00:33]} 17. Nc3 {[%emt 0:01:23]} d5 {[%emt 0:07:34]} 18. e5 {[%emt 0:03:35]} Ne4 {[%emt 0:00:32]} 19. Nxe4 {[%emt 0:07:09]} dxe4 {[%emt 0:00:19]} 20. Ng5 {[%emt 0:01:38]} Nf8 {[%emt 0:15:36]} 21. Nxe4 {[%emt 0:06:56]} c3 {[%emt 0:03:36]} 22. Bf4 {[%emt 0:12:08]} Bxb4 {[%emt 0:04:27]} 23. Reb1 {[%emt 0:02:23]} Be7 {[%emt 0:05:12]} 24. Rxa4 {[%emt 0:02:14]} Rxa4 {[%emt 0:02:28]} 25. Bxa4 {[%emt 0:00:05]} Ra8 {[%emt 0:01:17]} 26. Bc2 {[%emt 0:02:35]} Ng6 {[%emt 0:00:10]} 27. Bg3 {[%emt 0:02:00]} Ra2 {[%emt 0:00:43]} 28. Nd6 {[%emt 0:06:14]} Bd5 {[%emt 0:03:50]} 29. Qd1 {[%emt 0:03:52]} h5 {[%emt 0:06:24]} 30. h3 {[%emt 0:00:41]} h4 {[%emt 0:00:19]} 31. Bh2 {[%emt 0:00:09]} Bg5 {[%emt 0:03:44]} 32. Ra1 {[%emt 0:00:58]} Qa5 {[%emt 0:05:43]} 33. Rxa2 {[%emt 0:00:11]} Qxa2 {[%emt 0:00:02]} 34. Qd3 {[%emt 0:00:23]} Qa1+ {[%emt 0:01:23]} 35. Qd1 {[%emt 0:01:07]} Qb2 {[%emt 0:01:05]} 36. Qb1 {[%emt 0:00:30]} Ba2 {[%emt 0:01:18]} 37. Qd1 {[%emt 0:00:14]} Bd5 {[%emt 0:00:23]} 38. Kh1 {[%emt 0:00:46]} Bd2 {[%emt 0:00:31]} 39. Ne4 {[%emt 0:00:27]} Qb4 {[%emt 0:00:42]} 40. Nxd2 {[%emt 0:00:33]} cxd2 {[%emt 0:00:05]} 41. Bxg6 {[%emt 0:30:31]} Bb3 {[%emt 0:03:45]} 42. Bxf7+ {[%emt 0:00:00]} Kxf7 {[%emt 0:00:11]} 43. Qh5+ {[%emt 0:00:00]} Kg8 {[%emt 0:00:07]} 0-1

[Event "94th FRA-ch Open A 2019"]
[Site "Chartres"]
[Date "2019.08.22"]
[Round "6.1"]
[White "Amoyal, Pierre"]
[Black "Rivalin, Kenny"]
[Result "1/2-1/2"]
[WhiteElo "2093"]
[BlackElo "2184"]
[Annotator "NA"]
[PlyCount "79"]
[EventDate "2019.08.17"]
[EventType "swiss"]
[EventCountry "FRA"]
[SourceTitle "playchess.com"]
[Source "ChessBase"]
[SourceQuality "1"]
[TimeControl "40/5400+30:1800+30"]

1. d4 {[%emt 0:04:59]} Nf6 {[%emt 0:00:00]} 2. c4 {[%emt 0:00:24]} c5 {[%emt 0:00:18]} 3. d5 {[%emt 0:01:44]} e6 {[%emt 0:00:07]} 4. Nc3 {[%emt 0:01:31]} exd5 {[%emt 0:00:09]} 5. cxd5 {[%emt 0:00:13]} d6 {[%emt 0:00:05]} 6. Bf4 {[%emt 0:01:32]} a6 {[%emt 0:00:53]} 7. a4 {[%emt 0:00:58]} g6 {[%emt 0:00:13]} 8. h3 {[%emt 0:02:45]} Bg7 {[%emt 0:00:14]} 9. Nf3 {[%emt 0:01:25]} O-O {[%emt 0:00:05]} 10. e3 {[%emt 0:01:03]} Qe7 {[%emt 0:00:23]} 11. Be2 {[%emt 0:01:36]} Nbd7 {[%emt 0:00:11]} 12. O-O {[%emt 0:02:15]} Ne8 {[%emt 0:00:12]} 13. Re1 {[%emt 0:03:46]} Ne5 {[%emt 0:01:16]} 14. a5 {[%emt 0:03:46]} f5 {[%emt 0:09:16]} 15. Qb3 {[%emt 0:11:01]} Nxf3+ {[%emt 0:21:44]} 16. Bxf3 {[%emt 0:00:12]} g5 {[%emt 0:00:06]} 17. Bg3 {[%emt 0:00:38]} g4 {[%emt 0:03:56]} 18. hxg4 {[%emt 0:01:10]} fxg4 {[%emt 0:01:37]} 19. Be2 {[%emt 0:05:23]} Be5 {[%emt 0:11:42]} 20. Bxe5 {[%emt 0:02:35]} Qxe5 {[%emt 0:00:07]} 21. Ra4 {[%emt 0:00:16]} g3 {[%emt 0:14:21]} 22. Nd1 {[%emt 0:12:34]} gxf2+ {[%emt 0:04:06]} 23. Nxf2 {[%emt 0:00:08]} Nf6 {[%emt 0:00:18]} 24. Bf3 {[%emt 0:06:14]} Bf5 {[%emt 0:01:25]} 25. Re2 {[%emt 0:06:10]} Rf7 {[%emt 0:06:10]} 26. Rf4 {[%emt 0:02:06]} Raf8 {[%emt 0:05:59]} 27. Qc3 {[%emt 0:01:04]} Re8 {[%emt 0:04:07]} 28. Qd2 {[%emt 0:02:41]} Bg6 {[%emt 0:05:17]} 29. b4 {[%emt 0:03:59]} cxb4 {[%emt 0:01:03]} 30. Rxb4 {[%emt 0:00:35]} Qa1+ {[%emt 0:00:42]} 31. Kh2 {[%emt 0:02:26]} Qxa5 {[%emt 0:00:10]} 32. Qb2 {[%emt 0:01:10]} Nxd5 {[%emt 0:04:29]} 33. Rxb7 {[%emt 0:00:19]} Nf6 {[%emt 0:02:32]} 34. Rb6 {[%emt 0:01:22]} Qc5 {[%emt 0:01:13]} 35. Rxa6 {[%emt 0:00:58]} Rxe3 {[%emt 0:00:36]} 36. Rxe3 {[%emt 0:00:18]} Qxe3 {[%emt 0:00:06]} 37. Ra8+ {[%emt 0:00:07]} Kg7 {[%emt 0:00:34]} 38. Ng4 {[%emt 0:00:57]} Qf4+ {[%emt 0:00:49]} 39. Kg1 {[%emt 0:01:14]} h5 {[%emt 0:02:59]} 40. Qb8 {[%emt 0:16:26]} 1/2-1/2

[Event "94th FRA-ch Open A 2019"]
[Site "Chartres"]
[Date "2019.08.22"]
[Round "6.2"]
[White "Da Silva, Quentin"]
[Black "Meunier-Pion, Jean"]
[Result "1/2-1/2"]
[WhiteElo "2161"]
[BlackElo "2193"]
[Annotator "NA"]
[PlyCount "144"]
[EventDate "2019.08.17"]
[EventType "swiss"]
[EventCountry "FRA"]
[SourceTitle "playchess.com"]
[Source "ChessBase"]
[SourceQuality "1"]
[TimeControl "40/5400+30:1800+30"]

1. e4 {[%emt 0:00:00]} c5 {[%emt 0:00:00]} 2. Nf3 {[%emt 0:00:00]} d6 {[%emt 0:00:00]} 3. d4 {[%emt 0:00:05]} cxd4 {[%emt 0:00:00]} 4. Nxd4 {[%emt 0:00:05]} Nf6 {[%emt 0:00:00]} 5. Nc3 {[%emt 0:00:07]} a6 {[%emt 0:00:00]} 6. Bc4 {[%emt 0:00:41]} e6 {[%emt 0:00:09]} 7. O-O {[%emt 0:00:17]} Be7 {[%emt 0:00:27]} 8. Bb3 {[%emt 0:00:32]} O-O {[%emt 0:02:15]} 9. f4 {[%emt 0:11:05]} Nc6 {[%emt 0:18:17]} 10. Be3 {[%emt 0:03:50]} Nxd4 {[%emt 0:00:30]} 11. Bxd4 {[%emt 0:00:30]} b5 {[%emt 0:06:48]} 12. e5 {[%emt 0:05:25]} Ne8 {[%emt 0:05:45]} 13. Rf3 {[%emt 0:15:58]} Bb7 {[%emt 0:05:39]} 14. Rh3 {[%emt 0:09:03]} dxe5 {[%emt 0:00:30]} 15. fxe5 {[%emt 0:00:30]} g6 {[%emt 0:04:19]} 16. Qg4 {[%emt 0:05:35]} Ng7 {[%emt 0:03:15]} 17. Rd1 {[%emt 0:05:32]} Qc7 {[%emt 0:02:22]} 18. Ne4 {[%emt 0:04:31]} Bxe4 {[%emt 0:08:03]} 19. Qxe4 {[%emt 0:00:12]} Nf5 {[%emt 0:00:11]} 20. c3 {[%emt 0:08:27]} h5 {[%emt 0:03:03]} 21. Kh1 {[%emt 0:04:26]} Kg7 {[%emt 0:00:58]} 22. Rhd3 {[%emt 0:02:26]} Rad8 {[%emt 0:10:50]} 23. Bf2 {[%emt 0:05:33]} Rxd3 {[%emt 0:00:30]} 24. Rxd3 {[%emt 0:00:30]} Bc5 {[%emt 0:00:30]} 25. Bxc5 {[%emt 0:00:30]} Qxc5 {[%emt 0:00:30]} 26. Qe2 {[%emt 0:00:30]} h4 {[%emt 0:00:30]} 27. Bc2 {[%emt 0:00:30]} Rh8 {[%emt 0:00:30]} 28. Rh3 {[%emt 0:00:30]} Ne7 {[%emt 0:00:30]} 29. Qe3 {[%emt 0:00:30]} Qxe3 {[%emt 0:00:30]} 30. Rxe3 {[%emt 0:00:30]} Rc8 {[%emt 0:14:19]} 31. g3 {[%emt 0:17:10]} b4 {[%emt 0:02:23]} 32. Kg2 {[%emt 0:00:00]} Nd5 {[%emt 0:00:31]} 33. Rf3 {[%emt 0:00:26]} bxc3 {[%emt 0:02:05]} 34. bxc3 {[%emt 0:00:07]} Nxc3 {[%emt 0:00:43]} 35. Bb3 {[%emt 0:00:37]} a5 {[%emt 0:01:02]} 36. Rf4 {[%emt 0:00:26]} hxg3 {[%emt 0:00:39]} 37. hxg3 {[%emt 0:00:15]} Rc5 {[%emt 0:00:01]} 38. Rc4 {[%emt 0:00:43]} Rxc4 {[%emt 0:03:35]} 39. Bxc4 {[%emt 0:00:05]} Ne4 {[%emt 0:01:06]} 40. Bb5 {[%emt 0:01:04]} f6 {[%emt 0:03:05]} 41. Kf3 {[%emt 0:07:01]} Nc5 {[%emt 0:00:46]} 42. exf6+ {[%emt 0:03:08]} Kxf6 {[%emt 0:01:42]} 43. Ke3 {[%emt 0:00:13]} Ke5 {[%emt 0:01:06]} 44. Be2 {[%emt 0:05:07]} g5 {[%emt 0:01:55]} 45. g4 {[%emt 0:00:46]} Nd7 {[%emt 0:01:55]} 46. Kd3 {[%emt 0:01:25]} Kf4 {[%emt 0:01:01]} 47. Kc4 {[%emt 0:00:58]} Ne5+ {[%emt 0:07:23]} 48. Kb5 {[%emt 0:00:33]} Nxg4 {[%emt 0:01:14]} 49. Kxa5 {[%emt 0:00:15]} Ne3 {[%emt 0:00:19]} 50. a4 {[%emt 0:02:35]} g4 {[%emt 0:00:50]} 51. Bxg4 {[%emt 0:00:43]} Kxg4 {[%emt 0:00:33]} 52. Kb5 {[%emt 0:02:41]} Nd5 {[%emt 0:00:33]} 53. a5 {[%emt 0:01:54]} e5 {[%emt 0:16:02]} 54. Kc5 {[%emt 0:02:10]} e4 {[%emt 0:02:41]} 55. a6 {[%emt 0:02:20]} e3 {[%emt 0:01:17]} 56. a7 {[%emt 0:00:35]} Nc7 {[%emt 0:00:12]} 57. Kc6 {[%emt 0:01:05]} Na8 {[%emt 0:00:16]} 58. Kb7 {[%emt 0:00:11]} e2 {[%emt 0:00:04]} 59. Kxa8 {[%emt 0:00:07]} e1=Q {[%emt 0:00:04]} 60. Kb8 {[%emt 0:00:46]} Qb4+ {[%emt 0:00:13]} 61. Kc7 {[%emt 0:02:30]} Qc5+ {[%emt 0:01:09]} 62. Kb8 {[%emt 0:00:49]} Qb5+ {[%emt 0:00:12]} 63. Kc7 {[%emt 0:01:52]} Qd5 {[%emt 0:01:19]} 64. Kb8 {[%emt 0:00:12]} Qb5+ {[%emt 0:00:06]} 65. Kc7 {[%emt 0:00:15]} Qc5+ {[%emt 0:00:07]} 66. Kb7 {[%emt 0:00:34]} Qe7+ {[%emt 0:00:33]} 67. Kb8 {[%emt 0:00:33]} Qd8+ {[%emt 0:00:01]} 68. Kb7 {[%emt 0:00:09]} Qd7+ {[%emt 0:00:01]} 69. Kb8 {[%emt 0:00:13]} Qb5+ {[%emt 0:00:06]} 70. Kc7 {[%emt 0:00:19]} Qa6 {[%emt 0:00:02]} 71. Kb8 {[%emt 0:00:07]} Qb6+ {[%emt 0:00:03]} 72. Ka8 {[%emt 0:00:14]} Kf5 {[%emt 0:00:07]} 1/2-1/2

[Event "94th FRA-ch Open A 2019"]
[Site "Chartres"]
[Date "2019.08.22"]
[Round "6.3"]
[White "Aumont, Alexandre"]
[Black "Droin, Augustin"]
[Result "1/2-1/2"]
[WhiteElo "2190"]
[BlackElo "2128"]
[Annotator "NA"]
[PlyCount "76"]
[EventDate "2019.08.17"]
[EventType "swiss"]
[EventCountry "FRA"]
[SourceTitle "playchess.com"]
[Source "ChessBase"]
[SourceQuality "1"]
[TimeControl "40/5400+30:1800+30"]

1. e4 {[%emt 0:00:00]} c5 {[%emt 0:00:00]} 2. Nc3 {[%emt 0:00:00]} d6 {[%emt 0:00:00]} 3. d4 {[%emt 0:00:00]} cxd4 {[%emt 0:00:40]} 4. Qxd4 {[%emt 0:00:00]} a6 {[%emt 0:03:53]} 5. b3 {[%emt 0:00:20]} Nc6 {[%emt 0:00:48]} 6. Qd2 {[%emt 0:00:07]} Nf6 {[%emt 0:03:39]} 7. Bb2 {[%emt 0:00:30]} e6 {[%emt 0:00:17]} 8. O-O-O {[%emt 0:00:41]} Be7 {[%emt 0:00:15]} 9. f4 {[%emt 0:11:25]} b5 {[%emt 0:05:09]} 10. Bd3 {[%emt 0:23:42]} b4 {[%emt 0:08:02]} 11. Na4 {[%emt 0:02:10]} Bd7 {[%emt 0:02:06]} 12. Nf3 {[%emt 0:00:53]} Qc7 {[%emt 0:19:48]} 13. g4 {[%emt 0:15:52]} Na5 {[%emt 0:08:13]} 14. g5 {[%emt 0:15:35]} Nh5 {[%emt 0:01:47]} 15. Qxb4 {[%emt 0:03:27]} Nxf4 {[%emt 0:17:14]} 16. Nb6 {[%emt 0:07:24]} Rb8 {[%emt 0:04:02]} 17. Qxa5 {[%emt 0:00:10]} Qxb6 {[%emt 0:00:48]} 18. Qxb6 {[%emt 0:00:10]} Rxb6 {[%emt 0:00:17]} 19. Bxg7 {[%emt 0:00:13]} Rg8 {[%emt 0:02:02]} 20. Bd4 {[%emt 0:00:25]} Nxd3+ {[%emt 0:00:23]} 21. Rxd3 {[%emt 0:02:36]} Rb8 {[%emt 0:03:36]} 22. h4 {[%emt 0:02:01]} e5 {[%emt 0:03:19]} 23. Bb2 {[%emt 0:00:56]} Rb4 {[%emt 0:01:26]} 24. c4 {[%emt 0:01:15]} Rb6 {[%emt 0:01:16]} 25. Ba3 {[%emt 0:03:21]} Bc6 {[%emt 0:02:24]} 26. Re1 {[%emt 0:00:07]} Bb7 {[%emt 0:00:16]} 27. Kd2 {[%emt 0:04:09]} h6 {[%emt 0:11:50]} 28. gxh6 {[%emt 0:00:05]} Rh8 {[%emt 0:00:00]} 29. Bc1 {[%emt 0:01:28]} Rxh6 {[%emt 0:00:00]} 30. Kc3 {[%emt 0:00:19]} Rh5 {[%emt 0:00:00]} 31. Be3 {[%emt 0:01:18]} Rc6 {[%emt 0:00:00]} 32. Bg5 {[%emt 0:00:09]} f6 {[%emt 0:00:00]} 33. Bc1 {[%emt 0:00:06]} Kf7 {[%emt 0:00:00]} 34. Ba3 {[%emt 0:02:18]} Ke6 {[%emt 0:00:00]} 35. b4 {[%emt 0:00:58]} Rc8 {[%emt 0:00:00]} 36. Kb3 {[%emt 0:01:15]} Rg8 {[%emt 0:00:00]} 37. b5 {[%emt 0:01:05]} axb5 38. cxb5 d5 {[%emt 0:05:30]} 1/2-1/2